Das Krotendorfer Erbrichtereiprivileg und die Anfänge von Jägerndorf

Titel: Das Krotendorfer Erbrichtereiprivileg und die Anfänge von Jägerndorf
Verfasser:
In: Zeitschrift für Geschichte und Kulturgeschichte Schlesiens, Band 20 (1930), Seite 1-33, 1 Kt.
alle Artikel anzeigen
Veröffentlicht: 1930/33 [1933]
Format: Aufsatz
Sprache: Deutsch
Kein Bild verfügbar
X
alg: 39183315
001A    $01999:11-11-16 
001B    $01999:26-04-21 $t20:12:30.000 
001C    $06050:19-11-16 $t09:20:27.000 
001D    $01999:11-11-16 
001U    $0utf8 
001X    $00 
002@    $0Aox 
003@    $0391833154 
007A    $0391833154 $aHEB 
007T    $0Herda04872 
010@    $ager 
011@    $a1930 $b1933 $n1930/33 [1933] 
021A    $aDas @Krotendorfer Erbrichtereiprivileg und die Anfänge von Jägerndorf 
028A    $aKöniger $dErnst 
031A    $d20 $h1-33, 1 Kt. $j1930 
037A    $aBetr. eine Urkunde von 1221 
039B    $aIn $8--Abvc--. Zeitschrift für Geschichte und Kulturgeschichte Schlesiens. - Opava : Zemský Archiv, 1918-2006 $x193000000200000999 $9047981504 
045F    $a307.094371 $eDDC23BSB 
045F/01 $a307.09 
045F/03 $g4371 
045F/03 $g4385 
045T    $a9,10 

lok: 39183315 78

exp: 39183315 78 1 #EPN
201B/01 $016-03-18 $t22:56:58.000 
201U/01 $0utf8 
203@/01 $0787928348 
208@/01 $a11-11-16 $be 
209A/01 $a/ $f000 $x00 
220C/01 $aTitelaufnehmer: cs 
244Z/01 $2Trx $#Silesia $#Śląsk $#Sliezsko $#Slezsko $8--Trx--Schlesien $x01 $9391173987 
244Z/01 $#Tschechien $#Tschechische Republik $#Tschechische Republik $#Tschechenland $#Tschechei Tschechien $#Česká Republika $#Czech Republic $#ČR $74303381-7 $8--Tg1--Tschechien $x02 $9086659812 
244Z/01 $2Trx $#Böhmen $#Bohemia $#Czechy $8--Trx--Čechy $x03 $9391188941 
244Z/01 $#Jägerndorf $72166196-0 $8--Tg1--Krnov $x04 $9054086485 
244Z/01 $2Trx $#Jägerndorf-Krotendorf Freudenthal $#Charová Krnov;Chařová $#Krotendorf Jägerndorf $8--Trx--Krnov-Charová$gBruntál $x05 $9391233505 
244Z/01 $aGeschichte 1221 $x06 
244Z/01 $2Trx $#kohtu olemus $#teismai $#Courts legal $#bíróság $#sądownictwo $#súdnictvo $#soudnictví $#Gerichte $#sądy $#súdy $#soudy $8--Trx--Gerichtswesen $x07 $9391363298 
244Z/01 $2Trx $#privileegid $#privilegijos $#Privileges $#elöjogok $#przywileje $#privilégiá $#privilegia $8--Trx--Privilegien $x08 $9391355783 
244Z/01 $2Trx $#linnade asutamine $#miestų kūrimas $#founding of cities $#városalapítások $#lokacje miast i wsi $#vznik miest $#zakládání měst $#Lokationen $#zakładanie miejscowości $8--Trx--Stadtgründungen $x09 $9391373021 
244Z/01 $2Trx $8--Trx--Zeitschriftenaufsatz $x10 $9391384341 
245Z/01 $a13.03 $x01 
245Z/01 $a09.02 $x02 
247C/01 $82080>Marburg/Lahn, Herder-Institut, Forschungsbibliothek, Bibliographieportal $9336309341
LEADER 00000caa a22000002c 4500
001 391833154
003 DE-603
005 20210426201230.0
007 tu
008 161111s19301933xx |||| | u00||u|ger c
035 |a (DE-599)HEB391833154 
040 |a DE-603  |b ger  |c DE-603  |d DE-603 
041 |a ger 
082 0 4 |8 1\u  |a 307.094371  |q DE-101  |2 23/BSB 
084 |a 9,10  |2 ssgn 
085 |8 1\u  |b 307.09 
085 |8 1\u  |z 2  |s 4371 
085 |8 1\u  |z 2  |s 4385 
100 1 |a Königer, Ernst 
245 0 0 |a ˜Dasœ Krotendorfer Erbrichtereiprivileg und die Anfänge von Jägerndorf 
264 0 |c 1930/33 [1933] 
500 |a Betr. eine Urkunde von 1221 
773 0 8 |i In  |t Zeitschrift für Geschichte und Kulturgeschichte Schlesiens  |d Opava : Zemský Archiv, 1918-2006  |g Band 20 (1930), Seite 1-33, 1 Kt.  |w (DE-603)047981504  |w (DE-600)716156-6 
924 0 |9 2080  |a (DE-603)787928348  |b DE-2080  |c HES  |d d  |g /